000 00410nam a2200145Ia 4500
008 230917s9999||||xx |||||||||||||| ||und||
040 _e177749
_aMAIN
041 _aEnglish
082 _a891.431721 TB543M
100 _aमन्जु
245 0 _aभोलानाथ तिवारीः व्यक्ति और साहित्यकार
260 _c1992
300 _a157 p.
942 _cTH
999 _c74108
_d74108